Kuj Sah Adoore Ne ( ਕੁਝ ਸਾਹ ਅਧੂਰੇ ਨੇ ) (Record no. 10492)
[ view plain ]
| 000 -LEADER | |
|---|---|
| fixed length control field | 00445nam a22001457a 4500 |
| 003 - CONTROL NUMBER IDENTIFIER | |
| control field | OSt |
| 005 - DATE AND TIME OF LATEST TRANSACTION | |
| control field | 20250311124224.0 |
| 008 - FIXED-LENGTH DATA ELEMENTS--GENERAL INFORMATION | |
| fixed length control field | 250311b |||||||| |||| 00| 0 eng d |
| 040 ## - CATALOGING SOURCE | |
| Transcribing agency | MRSPTU |
| 100 ## - MAIN ENTRY--PERSONAL NAME | |
| Personal name | Bhangu, Gurpinder Singh ( ਭੰਗੂ, ਗੁਰਪਿੰਦਰ ਸਿੰਘ ) |
| 245 ## - TITLE STATEMENT | |
| Title | Kuj Sah Adoore Ne ( ਕੁਝ ਸਾਹ ਅਧੂਰੇ ਨੇ ) |
| 260 ## - PUBLICATION, DISTRIBUTION, ETC. | |
| Place of publication, distribution, etc. | Bathinda |
| Name of publisher, distributor, etc. | Cafe World |
| Date of publication, distribution, etc. | 2024 |
| 300 ## - PHYSICAL DESCRIPTION | |
| Extent | 107 |
| 942 ## - ADDED ENTRY ELEMENTS (KOHA) | |
| Source of classification or shelving scheme | Dewey Decimal Classification |
| Koha item type | Book |
| Suppress in OPAC | No |
| Withdrawn status | Lost status | Source of classification or shelving scheme | Damaged status | Not for loan | Home library | Current library | Date acquired | Total checkouts | Barcode | Date due | Date last seen | Date last checked out | Price effective from | Koha item type |
|---|---|---|---|---|---|---|---|---|---|---|---|---|---|---|
| Dewey Decimal Classification | MRSPTU Central Library | MRSPTU Central Library | 03/11/2025 | 10 | G-358 | 05/06/2026 | 04/15/2026 | 04/15/2026 | 03/11/2025 | Book | ||||
| Dewey Decimal Classification | MRSPTU Central Library | MRSPTU Central Library | 03/11/2025 | 4 | G-359 | 10/21/2025 | 09/25/2025 | 09/25/2025 | 03/11/2025 | Book |
